| 000 | 00357nam a2200145Ia 4500 | ||
|---|---|---|---|
| 999 |
_c14193 _d14193 |
||
| 003 | OSt | ||
| 005 | 20260327130619.0 | ||
| 008 | 260210s9999 xx 000 0 und d | ||
| 020 | _a9780333242933 | ||
| 100 | _aMoore | ||
| 245 | 0 | _aDesign For Good Acoustics And Noise Control | |
| 260 |
_bScholium Intl _c 1979 |
||
| 300 | _a 224 pages | ||
| 942 |
_cBPLAN _2ddc |
||